Normal view
MARC view
Entry Personal Name
001 - CONTROL NUMBER
- control field: 7187
003 - CONTROL NUMBER IDENTIFIER
- control field: HDC
005 - DATE AND TIME OF LATEST TRANSACTION
- control field: 20230624073241.0
008 - FIXED-LENGTH DATA ELEMENTS
- fixed length control field: 210124|| aca||aabn | a|a d
040 ## - CATALOGING SOURCE
- Original cataloging agency: HDC
- Transcribing agency: HDC
100 ## - HEADING--PERSONAL NAME
- Personal name: Mastora Mustafar
670 ## - SOURCE DATA FOUND
- Source citation: Work cat.: (HDC): Nurul Hanis Noor Hasni, author 7186, FAKTOR-FAKTOR YANG MEMPENGARUHI KECENDERUNGAN PELAJAR UNTUK MEMBELI PRODUK KOSMETIK HALAL DI UUM /, [19--]
